<?xml version="1.0" encoding="UTF-8"?><?xml-stylesheet type="text/xsl" href="static/style.xsl"?><OAI-PMH xmlns="http://www.openarchives.org/OAI/2.0/" xmlns:xsi="http://www.w3.org/2001/XMLSchema-instance" xsi:schemaLocation="http://www.openarchives.org/OAI/2.0/ http://www.openarchives.org/OAI/2.0/OAI-PMH.xsd"><responseDate>2026-04-14T04:21:43Z</responseDate><request verb="GetRecord" identifier="oai:www.recercat.cat:10256/21624" metadataPrefix="marc">https://recercat.cat/oai/request</request><GetRecord><record><header><identifier>oai:recercat.cat:10256/21624</identifier><datestamp>2024-06-06T08:09:37Z</datestamp><setSpec>com_2072_452966</setSpec><setSpec>com_2072_2054</setSpec><setSpec>col_2072_452969</setSpec></header><metadata><record xmlns="http://www.loc.gov/MARC21/slim" xmlns:dcterms="http://purl.org/dc/terms/" xmlns:xsi="http://www.w3.org/2001/XMLSchema-instance" xmlns:doc="http://www.lyncode.com/xoai" xsi:schemaLocation="http://www.loc.gov/MARC21/slim http://www.loc.gov/standards/marcxml/schema/MARC21slim.xsd">
   <leader>00925njm 22002777a 4500</leader>
   <datafield ind2=" " ind1=" " tag="042">
      <subfield code="a">dc</subfield>
   </datafield>
   <datafield ind2=" " ind1=" " tag="720">
      <subfield code="a">Moscatelli, Lívia Yuen Ngan</subfield>
      <subfield code="e">author</subfield>
   </datafield>
   <datafield ind2=" " ind1=" " tag="260">
      <subfield code="c">2022-04</subfield>
   </datafield>
   <datafield ind2=" " ind1=" " tag="520">
      <subfield code="a">El artículo tiene como objetivo presentar la importancia de discutir la abducción, modalidad de inferencia lógica que juega un papel central en el razonamiento probatorio presente en las primeras etapes de la investigación criminal de un delito. A partir de la explicación de la estructura inferencial abductiva, se ejemplificará lo anterior con un caso real de investigación criminal ocurrido en Brasil, en el que la toma de decisiones por la policía fue precipitada y sesgada, resultando un error judicial y la condena de un inocente. Al final, se presentarán algunas herramientas existentes y otras propuestas de políticas públicas que pueden ser implementadas en la formación de los responsables por la investigación criminal, por ejemplo la policía, con el fin de generar mejores hipotesis de investigación.</subfield>
   </datafield>
   <datafield ind2=" " ind1=" " tag="520">
      <subfield code="a">The article aims to show the importance of discussing abduction, a type of logical inference that plays a central role in the evidential reasoning presented in the early stages of criminal investigation. After explaining the logical inference structure, the use of abduction reasoning will be exemplified using a real case, in which the police officer’s decision-making process was premature and biased, resulting in a judicial error and the conviction of an innocent man. Although not exhaustive, at the end, will be presented some suggestions to improve the criminal investigation using the abduction reasoning, as the use of artificial intelligence tools and public policy proposals to improve the training of police force, all in order to generate better investigative hypotheses.</subfield>
   </datafield>
   <datafield ind1="8" ind2=" " tag="024">
      <subfield code="a">http://hdl.handle.net/10256/21624</subfield>
   </datafield>
   <datafield tag="653" ind2=" " ind1=" ">
      <subfield code="a">Abduction</subfield>
   </datafield>
   <datafield tag="653" ind2=" " ind1=" ">
      <subfield code="a">Investigació criminal -- Brasil</subfield>
   </datafield>
   <datafield tag="653" ind2=" " ind1=" ">
      <subfield code="a">Criminal investigation -- Brazil</subfield>
   </datafield>
   <datafield tag="653" ind2=" " ind1=" ">
      <subfield code="a">Decisió, Presa de</subfield>
   </datafield>
   <datafield tag="653" ind2=" " ind1=" ">
      <subfield code="a">Decision making</subfield>
   </datafield>
   <datafield tag="653" ind2=" " ind1=" ">
      <subfield code="a">Prova (Dret)</subfield>
   </datafield>
   <datafield tag="653" ind2=" " ind1=" ">
      <subfield code="a">Evidence (Law)</subfield>
   </datafield>
   <datafield tag="653" ind2=" " ind1=" ">
      <subfield code="a">Raonament</subfield>
   </datafield>
   <datafield tag="653" ind2=" " ind1=" ">
      <subfield code="a">Reasoning</subfield>
   </datafield>
   <datafield tag="653" ind2=" " ind1=" ">
      <subfield code="a">Lògica jurídica</subfield>
   </datafield>
   <datafield tag="653" ind2=" " ind1=" ">
      <subfield code="a">Dret -- Filosofia</subfield>
   </datafield>
   <datafield tag="653" ind2=" " ind1=" ">
      <subfield code="a">Law -- Philosophy</subfield>
   </datafield>
   <datafield ind2="0" ind1="0" tag="245">
      <subfield code="a">La importancia de la abducción en la etapa de investigación criminal del delito</subfield>
   </datafield>
</record></metadata></record></GetRecord></OAI-PMH>